00523nam a2200145Ia 4500008004100000245009200041260004500133260000900178300000900187500001300196650001300209856006300222999001900285952007300304170516s9999 xx 000 0 und d aIL7 - Halal pharmaceuticals and cosmeceuticals from the perspective of higher education bAsian Journal of Pharmaceutical Sciences c2016 a11:1 aFebruary xPharmacy uhttp://www.sciencedirect.com/science/journal/18180876/11/1 c331480d331480 001040aCLbCLd2017-05-16l0r2017-05-16 00:00:00w2017-05-16yFOJ